| 000 -CABECERA |
| Campo de control de longitud fija |
02199nam a22002537a 4500 |
| 003 - IDENTIFICADOR DEL NÚMERO DE CONTROL |
| Campo de control |
OSt |
| 005 - FECHA Y HORA DE LA ÚLTIMA TRANSACCIÓN |
| Campo de control |
20260128162220.0 |
| 008 - CÓDIGOS DE INFORMACIÓN DE LONGITUD FIJA |
| Campo de control de longitud fija |
260115b xxu||||| |||| 00| 0 spa d |
| 020 ## - NÚMERO INTERNACIONAL NORMALIZADO PARA LIBROS (ISBN) |
| Número Internacional Normalizado para Libros (ISBN) |
9586650081 |
| 040 ## - FUENTE DE LA CATALOGACIÓN |
| Centro catalogador de origen |
Unicoc |
| Lengua de catalogación |
spa |
| Centro que cataloga |
Bogotá (Dr. David Ordóñez Rueda) - Campus Norte |
| Centro modificador |
Bogotá (Dr. David Ordóñez Rueda) - Campus Norte |
| 082 ## - NÚMERO DE LA CLASIFICACIÓN DECIMAL DEWEY |
| Número de clasificación |
321.8 |
| 100 ## - PUNTO DE ACCESO PRINCIPAL - NOMBRE DE PERSONA |
| 9 (RLIN) |
12387 |
| Nombre de persona |
Hart Ely, John |
| 245 ## - MENCIÓN DE TÍTULO |
| Título |
Democracia y desconfianza |
| Subtitulo o Resto del título |
Una teoría del control constitucional |
| 250 ## - MENCIÓN DE EDICIÓN |
| Mención de edición |
1 Ed |
| 260 ## - PUBLICATION, DISTRIBUTION, ETC. (IMPRINT) |
| Lugar de publicación distribución etc. |
Bogotá (Colombia) |
| Nombre del editor distribuidor etc. |
Siglo del hombre editores |
| Fecha de publicación distribución etc. |
1997 |
| 300 ## - DESCRIPCIÓN FÍSICA |
| Extensión |
291 |
| 505 ## - NOTA DE CONTENIDO CON FORMATO |
| Título |
Parte 1. La seducción del textualismo.// |
| -- |
Parte 2. La imposibilidad de un textualismo limitado por cláusulas.// |
| -- |
Capítulo 1. El debido proceso.-- |
| -- |
Capítulo 2. Privilegios o inmunidades.-- |
| -- |
Capítulo 3. Igualdad de protección.-- |
| -- |
Capítulo 4. Igualdad de protección y el gobierno federal.-- |
| -- |
Capítulo 5. La enmienda novena.-- |
| -- |
Parte 3. El descubrimiento de los valores fundamentales.// |
| -- |
Capítulo 6. Los valores del juez.-- |
| -- |
Capítulo 7. El derecho natural.-- |
| -- |
Capítulo 8. Principios neutrales.-- |
| -- |
Capítulo 9. La razón.-- |
| -- |
Capítulo 10. La tradición.-- |
| -- |
Capítulo 11. Consenso.-- |
| -- |
Capítulo 12. Predecir el progreso.-- |
| -- |
Capítulo 13. La odisea de Alexander Bickel.-- |
| -- |
Parte 4. La vigilancia del proceso de representación: La corte como árbitro.// |
| -- |
Capítulo 14. La nota al pie de pagina de Carolene Products.-- |
| -- |
Capítulo 15. El gobierno representativo.-- |
| -- |
Capítulo 16. La naturaleza de la constitución de los estados unidos.-- |
| -- |
Capítulo 17. Democracia y desconfianza.-- |
| -- |
Parte 5. El despeje de los canales del cambio político.// |
| -- |
Capítulo 18. El derecho al sufragio.-- |
| -- |
Capítulo 19. Hacia un proceso legislativo visible.-- |
| -- |
Capítulo 20. Hacia un proceso legislativo de legislación.-- |
| -- |
Parte 6. Cómo facilitar la representación de las minorías.// |
| -- |
Capítulo 21. Motivación legislativa (y administrativa).-- |
| -- |
Capítulo 22. Clasificación sospechosa.-- |
| -- |
Capítulo 23. Un aparte sobre la acción afirmativa.-- |
| -- |
Capítulo 24. "Derechos procesales" al estilo de las minorías.-- |
| 526 ## - NOTA DE INFORMACIÓN SOBRE EL PROGRAMA DE ESTUDIO |
| Institución que aplica el campo |
Unicoc |
| 546 ## - NOTA DE LENGUA |
| Nota de lengua |
Español |
| 650 #0 - PUNTO DE ACCESO ADICIONAL DE MATERIA - TÉRMINO DE MATERIA |
| 9 (RLIN) |
4928 |
| Término de materia o nombre geográfico como elemento inicial |
Democracia |
| 650 #0 - PUNTO DE ACCESO ADICIONAL DE MATERIA - TÉRMINO DE MATERIA |
| 9 (RLIN) |
5633 |
| Término de materia o nombre geográfico como elemento inicial |
Control de constitucionalidad |
| 650 #0 - PUNTO DE ACCESO ADICIONAL DE MATERIA - TÉRMINO DE MATERIA |
| 9 (RLIN) |
11798 |
| Término de materia o nombre geográfico como elemento inicial |
Dogmática Constitucional |
| 942 ## - ENTRADA PARA ELEMENTOS AGREGADOS (KOHA) |
| Fuente de clasificación o esquema de ordenación en estanterías |
|
| Koha [por defecto] tipo de item |
Libro |